000 00728nam a2200193Ia 4500
008 151119s9999||||xx |||||||||||||| ||und||
082 _a891.462
082 _bGKKV14667
100 _aप्रभावळकर दिलीप
245 _aदिलीप प्रभावळकरांच्या एकांकिका
260 _a--
260 _b--
260 _c0
600 _aप्रभावळकर दिलीप
630 _aदिलीप प्रभावळकरांच्या एकांकिका
700 _aप्रभावळकर दिलीप
730 _aदिलीप प्रभावळकरांच्या एकांकिका
942 _cBOOK
999 _c1068165
_d1068162